| 000 | 00558nam a22001937a 4500 | ||
|---|---|---|---|
| 001 | 83479 | ||
| 003 | BD-RjUL | ||
| 005 | 20240325144750.0 | ||
| 008 | 240325s1979 pk ||||| |||| 00| 0 u d | ||
| 035 | _a(BD-RjUL) 83479 | ||
| 040 |
_aBD-RjUL _beng _cBD-RjUL |
||
| 041 | _aurd | ||
| 082 |
_223 _a891.439308 _bBAP 1979 |
||
| 245 |
_aپدما کی موجیں ;; Padma ki Mawji / _c by شام بارکپوری ;; by Sham Barakpuri |
||
| 260 |
_aLahore ; _bMansur Book Hause, _c1979 |
||
| 300 |
_a192 p. ; _c17 cm |
||
| 650 | _aFiction | ||
| 942 |
_2ddc _cBK |
||
| 999 |
_c83479 _d83479 |
||